Geography Quiz

Random Geography or World Quiz
Score 0/230 Timer 10:00
0 Plays Today
Country Currency % Correct
BonaireUS Dollar
98.1%
British Indian Ocean Terr.US Dollar
98.1%
British Virgin IslandsUS Dollar
98.1%
CanadaCanadian Dollar
98.1%
EcuadorUS Dollar
98.1%
El SalvadorUS Dollar
98.1%
Marshall IslandsUS Dollar
98.1%
MicronesiaUS Dollar
98.1%
PalauUS Dollar
98.1%
SabaUS Dollar
98.1%
Sint EustatiusUS Dollar
98.1%
Turks and Caicos IslandsUS Dollar
98.1%
United StatesUS Dollar
98.1%
ZimbabweUS Dollar, British Pound, Euro, Botswanan Pula, South African Rand
98.1%
AustraliaAustralian Dollar
97.7%
Cocos/Keeling IslandsAustralian Dollar
97.7%
FijiFijian Dollar
97.7%
NauruAustralian Dollar
97.7%
Akrotiri and DhekeliaEuro
97.3%
AndorraEuro
97.3%
AnguillaEast Caribbean Dollar
97.3%
Antigua and BarbudaEast Caribbean Dollar
97.3%
AustriaEuro
97.3%
BelgiumEuro
97.3%
CyprusEuro
97.3%
DominicaEast Caribbean Dollar
97.3%
EstoniaEuro
97.3%
FinlandEuro
97.3%
FranceEuro
97.3%
GermanyEuro
97.3%
GreeceEuro
97.3%
GrenadaEast Caribbean Dollar
97.3%
IrelandEuro
97.3%
ItalyEuro
97.3%
KosovoEuro
97.3%
Luxembourg Euro
97.3%
MaltaEuro
97.3%
MonacoEuro
97.3%
MontenegroEuro
97.3%
MontserratEast Caribbean Dollar
97.3%
NetherlandsEuro
97.3%
PortugalEuro
97.3%
Saint Kitts and NevisEast Caribbean Dollar
97.3%
Saint LuciaEast Caribbean Dollar
97.3%
Saint Vincent and the GrenadinesEast Caribbean Dollar
97.3%
San MarinoEuro
97.3%
SlovakiaEuro
97.3%
SloveniaEuro
97.3%
SpainEuro
97.3%
Vatican CityEuro
97.3%
Hong KongHong Kong Dollar
96.9%
JamaicaJamaican Dollar
96.9%
SingaporeSingaporean Dollar
96.9%
Bahmas, TheBahamanian Dollar
96.5%
BarbadosBarbadian Dollar
96.5%
BelizeBelize Dollar
96.5%
BermudaBermudian Dollar
96.5%
Brunei DarussalamBrunei Dollar
96.5%
Cayman IslandsCayman Islands Dollar
96.5%
Cook IslandsNew Zealand Dollar
96.5%
LiberiaLiberian Dollar
96.5%
NamibiaNamibian Dollar
96.5%
New ZealandNew Zealand Dollar
96.5%
NiueNew Zealand Dollar
96.5%
Pitcairn IslandsNew Zealand Dollar
96.5%
Solomon IslandsSolomon Islands Dollar
96.5%
SurinameSurinamese Dollar
96.5%
Taiwan / Rep of ChinaNew Taiwan Dollar
96.5%
GuyanaGuyanese Dollar
96.1%
KiribatiKiribati Dollar
96.1%
Trinidad and TobagoTrinidad and Tobago Dollar
96.1%
Tuvalu Tuvaluan Dollar
96.1%
S. Georgia & the S. Sandwich IslesBritish Pound
95.7%
United KingdomBritish Pound
95.7%
EgyptEgyptian Pound
95.3%
AlderneyAlderney Pound
94.2%
Ascension IslandAscension Pound
94.2%
Country Currency % Correct
Falkland IslandsFalkland Islands Pound
94.2%
GibraltarGibraltar Pound
94.2%
GuernseyGuernsey Pound
94.2%
LebanonLebanese Pound
94.2%
LiechtensteinSwiss Franc
94.2%
MexicoMexican Peso
94.2%
South SudanSouth Sudanese Pound
94.2%
SudanSudanese Pound
94.2%
SwitzerlandSwiss Franc
94.2%
SyriaSyrian Pound
94.2%
ArgentinaArgentine Peso
93.8%
ChileChilean Peso
93.8%
ColombiaColombian Peso
93.8%
Isle of ManManx Pound
93.8%
JerseyJersey Pound
93.8%
Saint HelenaSaint Helena Pound
93.8%
Tristan da CunhaSaint Helena Pound
93.8%
Dominican RepublicDominican Peso
93.4%
UruguayUruguayan Peso
93.4%
BeninWest African CFA Franc
93%
Burkina FasoWest African CFA Franc
93%
BurundiBurundian Franc
93%
CameroonCentral African CFA Franc
93%
Central African RepublicCentral African CFA Franc
93%
ChadCentral African CFA Franc
93%
ComorosComorian Franc
93%
Congo, Dem Rep ofCongolese Franc
93%
Congo, Republic ofCentral African CFA Franc
93%
Côte d'IvoireWest African CFA Franc
93%
CubaCuban Convertible Peso and Cuban Peso
93%
DjiboutiDjiboutian Franc
93%
Equatorial GuineaCentral African CFA Franc
93%
French PolynesiaCFP Franc
93%
GabonCentral African CFA Franc
93%
GuineaGuinean Franc
93%
Guinea-BissauWest African CFA Franc
93%
MaliWest Africa CFA Franc
93%
New CaledoniaCFP Franc
93%
NigerWest African CFA Franc
93%
PhilippinesPhilippine Peso
93%
SenegalWest African CFA Franc
93%
TogoWest African CFA Franc
93%
Wallis and FutunaCFP Franc
93%
RwandaRwandan Franc
92.6%
JapanJapanese Yen
88.7%
AlgeriaAlgerian Dinar
87.5%
BahrainBahraini Dinar
87.2%
BelarusBelarusian Ruble
87.2%
China (People's Republic)Chinese Yuan
87.2%
LibyaLibyan Dinar
87.2%
RussiaRussian Ruble
87.2%
SerbiaSerbian Dinar
87.2%
IraqIraqi Dinar
86.8%
JordanJordanian Dinar
86.8%
KuwaitKuwaiti Dinar
86.8%
MauritiusMauritian Rupee
86.8%
NepalNepalese Rupee
86.8%
SeychellesSeychellois Rupee
86.8%
Sri LankaSri Lankan Rupee
86.8%
TunisiaTunisian Dinar
86.8%
DenmarkDanish Krone
86.4%
Faroe IslandsFaroese Króna and Danish Krone
86.4%
IndiaIndian Rupee
86.4%
NorwayNorwegian Krone
86.4%
PakistanPakistani Rupee
86.4%
TurkeyTurkish Lira
80.5%
BrazilBrazilian Real
80.2%
IsraelIsraeli New Shekel
79.8%
PalestineIsraeli New Shekel
79.8%
SwedenSwedish Krona
79.8%
IcelandIcelandic króna
79.4%
South KoreaSouth Korean Won
79%
North KoreaNorth Korean Won
78.6%
South AfricaSouth African Rand
78.6%
Bosnia and HerzegovinaBosnia and Herzegovina Convertible Mark
76.7%
ThailandThai Baht
76.3%
IranIranian Rial
75.1%
Country Currency % Correct
OmanOmani Rial
75.1%
YemenYemeni Rial
75.1%
Czech RepublicCzech Koruna
73.9%
KenyaKenyan Shilling
73.9%
SomaliaSomali Shilling
73.9%
UgandaUgandan Shilling
73.5%
TanzaniaTanzanian Shilling
73.2%
PolandPolish Złoty
72.4%
VietnamVietnamese đồng
71.6%
AlbaniaAlbanian Lek
71.2%
AfghanistanAfghan Afghani
70%
VenezuelaVenezuelan Bolívar
69.3%
BulgariaBulgarian Lev
68.5%
Saudi ArabiaSaudi Riyal
67.3%
QatarQatari Riyal
66.5%
MoroccoMorocco Dirham
66.1%
HungaryHungarian Forint
65.8%
IndonesiaIndonesian Rupiah
65.8%
United Arab EmiratesUnited Arab Emirates Dirham
65.8%
MalaysiaMalaysian Ringgit
64.6%
MoldovaMoldovan Leu
64.2%
RomaniaRomanian Leu
64.2%
LatviaLatvian Lats
63%
EthiopiaEthiopian Birr
60.7%
BoliviaBolivian Boliviano
59.1%
KyrgyzstanKyrgyzstani Som
59.1%
UzbekistanUzbekistani Som
59.1%
MacedoniaMacedonian Denar
58%
CroatiaCroatian Kuna
56.8%
ArmeniaArmenian Dram
56.4%
BangladeshBangladeshi Taka
56.4%
LaosLao Kip
56%
Costa RicaCosta Rican Colón
55.3%
LithuaniaLithuanian Litas
54.9%
BotswanaBotswana Pula
52.9%
Cape VerdeCape Verdean Escudo
52.9%
AngolaAngolan Kwanza
52.1%
CambodiaCambodian Riel
52.1%
GuatemalaGuatemalan Quetzal
52.1%
UkraineUkrainian Hryvnia
52.1%
CuraçaoNetherlands Antillean Guilder
51.8%
PeruPeruvian Nuevo Sol
51.8%
Sint MaartenNetherlands Antillean Guilder
51.8%
GhanaGhana Cedi
51.4%
MalawiMalawian Kwacha
51%
ZambiaZambian Kwacha
50.6%
MongoliaMongolian tögrög/Tugrik
50.2%
VanuatuVanuatu Vatu
50.2%
AzerbaijanAzerbaijani Manat
49.8%
KazakhstanKazakhstani Tenge
49.4%
TurkmenistanTurkmenistan Manat
49.4%
MadagascarMalagasy Ariary
49%
NigeriaNigerian Naira
49%
SamoaSamoan Tālā
49%
HaitiHaitian Gourde
48.6%
Sierra LeoneSierra Leonean Leone
48.6%
BurmaBurmese Kyat
47.9%
Papua New GuineaPapua New Guinean Kina
47.9%
HondurasHonduran Lempira
47.5%
ParaguayParaguayan Guaraní
47.1%
ArubaAruban Florin
46.3%
BhutanBhutanese Ngultrum
46.3%
NicaraguaNicaraguan Córdoba
46.3%
PanamaPanamanian Balboa
46.3%
EritreaEritrean Nakfa
45.9%
TajikistanTajikistani Somoni
45.1%
MacauMacanese Pataca
44.7%
MaldivesMaldivian Rufiyaa
44.7%
Gambia, TheGambian Dalasi
44.4%
LesothoLesotho Loti
43.6%
GeorgiaGeorgian Lari
43.2%
MozambiqueMozambican Metical
42.8%
São Tomé and PríncipeSão Tomé and Príncipe Dobra
41.6%
TongaTongan Pa'anga
38.5%
MauritaniaMauritanian Ouguiya
37%
SwazilandSwazi Lilangeni
30.7%
Remove Ads.
Support Sporcle.
Get the best of Sporcle when you Go Orange. This ad-free experience offers more features, more stats, and more fun while also helping to support Sporcle. Thank you for becoming a member.

You're not logged in!

Compare scores with friends on all Sporcle quizzes.
OR
Log In

Show Comments

Extras

Top Quizzes Today


Score Distribution

Your Account Isn't Verified!

In order to create a playlist on Sporcle, you need to verify the email address you used during registration. Go to your Sporcle Settings to finish the process.

Report this User

Report this user for behavior that violates our Community Guidelines.

Details: